Les phénomènes d'attente: théorie et applications
Wedi'i Gadw mewn:
| Prif Awduron: | , |
|---|---|
| Fformat: | Llyfr |
| Iaith: | Ffrangeg |
| Cyhoeddwyd: |
París
Dunod
1961
|
| Pynciau: | |
| Tagiau: |
Ychwanegu Tag
Dim Tagiau, Byddwch y cyntaf i dagio'r cofnod hwn!
|
MARC
| LEADER | 00000nam a2200000 a 4500 | ||
|---|---|---|---|
| 001 | UCQ8916 | ||
| 003 | CL-VaPUC | ||
| 008 | 981217e19610000FR |||||||||||||||||fre|d | ||
| 082 | 0 | 4 | |a 519.287 |b KAU |2 21 |
| 100 | |a Kaufmann, Arnold |e author |9 479848 | ||
| 700 | 0 | |a Cruon, R |e author |9 423229 | |
| 245 | 1 | 4 | |a Les phénomènes d'attente: théorie et applications |
| 300 | |a 274 p | ||
| 942 | |c BK | ||
| 945 | |d 19981217 00:00:00 |a crobeson | ||
| 260 | |a París |b Dunod |c 1961 | ||
| 650 | 0 | |a Matemática aplicada |9 260236 | |
| 650 | 0 | |a Procesos estocásticos |9 260364 | |
| 650 | 0 | |a Cadenas de Markov |9 350699 | |
| 650 | 0 | |a Procesos de Markov |9 270451 | |
| 650 | 0 | |a Modelos matemáticos |9 259437 | |
| 583 | |a last modification |c 19981217 00:00:00 |k Rodrigo Vera | ||
| 999 | |c 278081 |d 278079 | ||
| 952 | |0 0 |1 0 |4 0 |6 519_287000000000000_KAU_1961 |7 0 |8 A |9 316424 |a BIBGIM |b BIBGIM |d 2019-11-20 |i 1305964 |o 519.287 KAU 1961 |p 1305964 |r 2025-01-15 |w 2019-11-20 |y BK |k EST | ||